| 000 | 00733cam a22002654a 4500 | ||
|---|---|---|---|
| 003 | UPN | ||
| 005 | 20250214063749.0 | ||
| 008 | 991125s1989 mx 000 f spa d | ||
| 020 | _a968270488X | ||
| 035 | _aUPN01000001336 | ||
| 040 |
_aUPN _bspa _cUPN |
||
| 049 | _aCG | ||
| 050 | 4 |
_aPQ7298.1 G8 _bA5 |
|
| 100 | 1 |
_aAgustín, José, _d1944-2024 _928531 |
|
| 245 | 1 | 0 |
_aAhí viene la plaga / _cJosé Agustín, José Buil, Gerardo Pardo. |
| 260 |
_aMéxico : _bJ. Mortiz, _c1989. |
||
| 300 | _a125 p. | ||
| 490 | 0 | _aSerie del volador | |
| 650 | 4 |
_aNovela mexicana _94557 |
|
| 650 | 4 |
_aMúsica y literatura _920119 |
|
| 700 | 1 |
_aBuil, José, _ecoaut. |
|
| 700 | 1 |
_aPardo, Gerardo, _ecoaut. |
|
| 905 | _aLibro | ||
| 942 |
_2lcc _cLIBRO |
||
| 999 |
_c1336 _d1336 |
||